000 01594nam a22002537a 4500
999 _c21808
_d21808
001 021622
003 DO-CoUTE
005 20260204212650.0
008 220803b dr ||||| |||| 00| 0 spa d
020 _a978-84-1382-1276
040 _aDO-CoUTE
_bspa
_cDO-CoUTE
082 _222
_a610.73 N176d
_b2021
110 _aNanda International
_eautor
245 1 _aDiagnósticos enfermeros :
_bdefiniciones y clasificación 2021-2023 /
_cNanda International ; editor T. Heather Herdman
250 _adoceava edición
260 _aBarcelona, España :
_bELSEVIER,
_c2021
300 _a612 páginas :
_bImagenes ;
_c24cm.
504 _aIncluye referencias bibliográficas e índice
520 _aCompletamente actualizada y revisada por las editoras T. Heather Herdman, Shigemi Kamitsuru y Camila Takáo Lopes, Diagnósticos enfermeros. Definiciones y clasificación 2021-2023, 12.ª ed., es la guía definitiva de los diagnósticos enfermeros, revisados y aprobados por el Diagnosis Development Committee (DDC) de NANDA-I. En la nueva edición de esta obra fundamental, las editoras han actualizado todos los capítulos introductorios, proporcionando la información clave que las enfermeras/os necesitan para entender el proceso de valoración y su relación con el diagnóstico y el pensamiento crítico, así como el propósito y la utilidad de la estructura taxonómica para los cuidados enfermeros a la cabecera del paciente.
650 7 _2LEMB
_aDiagnostico de enfermería
700 1 _aKamitsuru, Shigemi
_eeditor
700 1 _aTakao López, Camila
_eeditor
942 _2ddc
_cBK